International oil and gas ventures : (Record no. 4120)
[ view plain ]
| 000 -LEADER | |
|---|---|
| fixed length control field | 01109nac a22002411u 4500 |
| 010 ## - LIBRARY OF CONGRESS CONTROL NUMBER | |
| LC control number | 00057622 |
| 020 ## - INTERNATIONAL STANDARD BOOK NUMBER | |
| International Standard Book Number | 0891818235 |
| 082 00 - DEWEY DECIMAL CLASSIFICATION NUMBER | |
| Classification number | 338.2728 |
| Item number | K937 |
| 090 ## - LOCALLY ASSIGNED LC-TYPE CALL NUMBER (OCLC); LOCAL CALL NUMBER (OCLC) | |
| -- | 4120 |
| -- | 4120 |
| 100 ## - MAIN ENTRY--PERSONAL NAME | |
| Personal name | Kronman, George E.[ed] |
| 245 00 - TITLE STATEMENT | |
| Title | International oil and gas ventures : |
| Remainder of title | a business perspective / |
| Statement of responsibility, etc | edited by George E. Kronman, Don B. Felio, and Thomas E. O'Connor ; with the assistance of Mindy S. Kronman. |
| 260 ## - PUBLICATION, DISTRIBUTION, ETC. (IMPRINT) | |
| Place of publication, distribution, etc | Tulsa, OK : |
| Name of publisher, distributor, etc | American Association of Petroleum Geologists, |
| Date of publication, distribution, etc | 2000. |
| 300 ## - PHYSICAL DESCRIPTION | |
| Extent | ix, 446 p. : |
| Other physical details | ill. (some col.) ; |
| Dimensions | 29 cm. |
| 504 ## - BIBLIOGRAPHY, ETC. NOTE | |
| Bibliography, etc | Includes bibliographical references and index. |
| 650 #0 - SUBJECT ADDED ENTRY--TOPICAL TERM | |
| Topical term or geographic name as entry element | Petroleum industry and trade |
| General subdivision | International cooperation. |
| 650 #0 - SUBJECT ADDED ENTRY--TOPICAL TERM | |
| Topical term or geographic name as entry element | Petroleum |
| General subdivision | Prospecting |
| -- | International cooperation. |
| 650 #0 - SUBJECT ADDED ENTRY--TOPICAL TERM | |
| Topical term or geographic name as entry element | Gas industry |
| General subdivision | International cooperation. |
| 650 #0 - SUBJECT ADDED ENTRY--TOPICAL TERM | |
| Topical term or geographic name as entry element | Natural gas |
| General subdivision | Prospecting |
| -- | International cooperation. |
| 700 1# - ADDED ENTRY--PERSONAL NAME | |
| Personal name | O'Connor, Thomas E. |
| 700 1# - ADDED ENTRY--PERSONAL NAME | |
| Personal name | Felio, Don B. |
| 942 ## - ADDED ENTRY ELEMENTS (KOHA) | |
| Item type | Book - Borrowing |
| Call number prefix | 338.2728K937 |
| Withdrawn status | Item status | Damaged status | Not for loan | Home library | Current library | Shelving location | Date acquired | Source of acquisition | Total Checkouts | Total Renewals | Full call number | Barcode | Date last seen | Date last borrowed | Koha item type |
|---|---|---|---|---|---|---|---|---|---|---|---|---|---|---|---|
| Central Library | Central Library | First floor | 22/08/2007 | Purchase | 1 | 2 | 338.2728 KRO | 000000141 | 15/07/2025 | 30/11/2016 | Book - Borrowing |